Loading...
Amathazhum passwordum/
| Main Author: | |
|---|---|
| Format: | Printed Book |
| Language: | Malayalam |
| Published: |
Kottayam:
D. C. Books,
2002
|
| LEADER | 00561nam a22001817a 4500 | ||
|---|---|---|---|
| 003 | OSt | ||
| 005 | 20200624134640.0 | ||
| 008 | 160519b xxu||||| |||| 00| 0 mal d | ||
| 041 | |a mal | ||
| 082 | |a 853.5B1 AMA | ||
| 100 | |a Babu, M. G. | ||
| 245 | |a Amathazhum passwordum/ |c M. G. Babu | ||
| 260 | |a Kottayam: |b D. C. Books, |c 2002 | ||
| 300 | |a 96p. | ||
| 546 | |a In Malayalam | ||
| 942 | |2 ddc |c BK | ||
| 999 | |c 329307 |d 329307 | ||
| 952 | |0 0 |1 0 |2 ddc |4 0 |6 853_500000000000000_B1_AMA |7 0 |9 375900 |a CSC |b CSC |c ST1 |d 2016-05-19 |i 11490 |l 0 |o 853.5 B1 AMA |p CSC11490 |r 2016-05-19 |w 2016-05-19 |y BK | ||